000 00621nam a22002177a 4500
003 KOHA_MİRAKIL
005 20260428091321.0
008 260427b tu ||||| |||| 00| 0 tur d
020 _a9786051925332
040 _aTR-AnABB
_btur
_cTR-AnABB
041 _atur
082 _a818.42
_bKIZ 2024
100 1 _aKızılay, Bige Güven
245 1 0 _aAnkara diye insanlar vardır /
_cBige Güven Kızılay
250 _a2. baskı
260 _aİstanbul :
_bHep kitapevi,
_c2024
300 _a375 sayfa ;
_c20 cm
650 0 4 _aTürk edebiyatı, anı
900 _bCan ÇELIK
942 _2ddc
_cBK
999 _c10356
_d10356